Sídliště kultury s moravskou malovanou keramikou staršího stupně v Brně-Žebětíně
| Titel: | Sídliště kultury s moravskou malovanou keramikou staršího stupně v Brně-Žebětíně : Poznámky k fázi Ib kultury s MMK v brněnské kotlině |
|---|---|
| Verfasser: | |
| Beteiligt: | ; |
| In: |
Pravěk, Band 13 (2003), Seite 37-89, 17 obr., 10 tab. alle Artikel anzeigen |
| Veröffentlicht: | 2003 [2005] |
| Format: | Aufsatz |
| Sprache: | Tschechisch |
X
alg: 39160508
001A $01999:11-11-16
001B $01999:28-04-17 $t14:24:44.000
001C $06050:19-11-16 $t08:53:07.000
001D $01999:11-11-16
001U $0utf8
001X $00
002@ $0Aox
003@ $0391605089
007A $0391605089 $aHEB
007T $0Herd73135
010@ $acze
011@ $a2003 $n2003 [2005]
021A $aSídliště kultury s moravskou malovanou keramikou staršího stupně v Brně-Žebětíně $dPoznámky k fázi Ib kultury s MMK v brněnské kotlině
028A $aKuča $dMartin
028B/01 $aKazdová $dEliška
028B/02 $aPřichystal $dAntonín
031A $d13 $h37-89, 17 obr., 10 tab. $j2003
037A $aněm. res. 87: Siedlung der Kultur mit mährischer bemalter Keramik der älteren Stufe in Brno-Žebětín
039B $aIn $8--Abvc--. Pravěk. - Brno {[u.a.] : Ústav Archeologické Památkové Péče Brno, 1903-. - ISSN 1211-8338 $x200300000130000963 $9047306319
045T $a6,11 $a6,12
lok: 39160508 78
exp: 39160508 78 1 #EPN
201B/01 $027-11-18 $t22:56:43.000
201U/01 $0utf8
203@/01 $0787699411
208@/01 $a11-11-16 $be
209A/01 $a/ $f000 $x00
220C/01 $aTitelaufnehmer: rk;kh
244Z/01 $#Tschechien $#Tschechische Republik $#Tschechische Republik $#Tschechenland $#Tschechei Tschechien $#Česká Republika $#Czech Republic $#ČR $74303381-7 $8--Tg1--Tschechien $x01 $9086659812
244Z/01 $2Trx $#Böhmen $#Bohemia $#Czechy $8--Trx--Čechy $x02 $9391188941
244Z/01 $#Brünn $#Město Brno $#Brno $#Bruna $#Brunna $#Brinna $#Brinnium $#Bruenna $#Eburodunum $74008456-5 $8--Tg1--Brünn $x03 $9085014818
244Z/01 $2Trx $#arheoloogia uurimused $#archeologiniai tyrimai $#archaeology research $#régészet vizsgálatok $#archeologia, badania $#archeológia, výskumy $#archeologie, výzkumy $8--Trx--Archäologie$gUntersuchungen $x04 $9391380192
244Z/01 $2Trx $#keraamika $#keramika $#ceramics $#kerámia $#ceramika $#keramika $#keramika $#Fayancen $#fajanse $#fajansy $#fajánse $8--Trx--Keramik $x05 $9391359673
244Z/01 $2Trx $8--Trx--Zeitschriftenaufsatz $x06 $9391384341
245Z/01 $a05.02 $x01
247C/01 $82080>Marburg/Lahn, Herder-Institut, Forschungsbibliothek, Bibliographieportal $9336309341
| LEADER | 00000caa a22000002c 4500 | ||
|---|---|---|---|
| 001 | 391605089 | ||
| 003 | DE-603 | ||
| 005 | 20170428142444.0 | ||
| 007 | tu | ||
| 008 | 161111s2003 xx |||| | u00||u|cze c | ||
| 035 | |a (DE-599)HEB391605089 | ||
| 040 | |a DE-603 |b ger |c DE-603 |d DE-603 | ||
| 041 | |a cze | ||
| 084 | |a 6,11 |a 6,12 |2 ssgn | ||
| 100 | 1 | |a Kuča, Martin | |
| 245 | 0 | 0 | |a Sídliště kultury s moravskou malovanou keramikou staršího stupně v Brně-Žebětíně |b Poznámky k fázi Ib kultury s MMK v brněnské kotlině |
| 264 | 0 | |c 2003 [2005] | |
| 500 | |a něm. res. 87: Siedlung der Kultur mit mährischer bemalter Keramik der älteren Stufe in Brno-Žebětín | ||
| 700 | 1 | |a Kazdová, Eliška | |
| 700 | 1 | |a Přichystal, Antonín | |
| 773 | 0 | 8 | |i In |t Pravěk |d Brno [u.a.] : Ústav Archeologické Památkové Péče Brno, 1903- |x 1211-8338 |g Band 13 (2003), Seite 37-89, 17 obr., 10 tab. |w (DE-603)047306319 |w (DE-600)209024-7 |
| 924 | 0 | |9 2080 |a (DE-603)787699411 |b DE-2080 |c HES |d d |g / | |


